| 000 | 01198cam a2200361 a 4500 | ||
|---|---|---|---|
| 999 |
_c5911 _d5911 |
||
| 001 | 1008069 | ||
| 003 | OSt | ||
| 005 | 20251127114805.0 | ||
| 008 | 220902s2021 nyua c 000 1 eng d | ||
| 020 |
_a9780062437914 _q(paperback) |
||
| 040 |
_aTWTCL _beng _cTWTCL _eaacr _dKH8 |
||
| 041 | 0 | _aeng | |
| 042 | _anbic | ||
| 082 | _aFIC BAL | ||
| 100 | 1 |
_aBallarini, Joe, _eauthor. |
|
| 245 | 1 | 0 |
_aMission to Monster Island / _cby Joe Ballarini ; illustrated by Vivienne To. |
| 250 | _aFirst paperback edition. | ||
| 264 | 1 |
_aNew York, NY : _bKatherine Tegen Books, an imprint of HarperCollinsPublishers, _c2021. |
|
| 300 |
_a307 pages : _billustration ; _c20 cm. |
||
| 336 |
_atext _btxt _2rdacontent. |
||
| 337 |
_aunmediated _bn _2rdamedia. |
||
| 338 |
_avolume _bnc _2rdacarrier. |
||
| 490 | 1 |
_aA babysitter's guide to monster hunting ; _v3. |
|
| 521 | _aAges 8-12. | ||
| 650 | 0 |
_aBabysitters _xJuvenile fiction. |
|
| 650 | 0 |
_aMonsters _xJuvenile fiction. |
|
| 650 | 0 |
_aIslands _xJuvenile fiction. |
|
| 650 | 0 |
_aSecret societies _xJuvenile fiction. |
|
| 653 | _aKF. | ||
| 700 | 1 |
_aTo, Vivienne, _eillustrator. |
|
| 830 | 0 | _aA babysitter's guide to monster hunting. | |
| 942 |
_2ddc _cFIC |
||